000 01180nam1a2200289 i 4500
001 v19\rc\2105731
005 20260407121940.0
035 _a(NLR Aleph) 005178434
090 _a5117362
_c5117362
100 _a20090914d1811 m||a0rusy50 ca
101 0 _arus
102 _aRU
140 _ay y da yaa0000
200 1 _aВоинской устав о пехотной службе
210 _aВ С. Петербурге
_cпечатано в типографии Ученаго комитета по артиллерийской части
_d1811
215 _d
321 1 _aСК 1801-1825 1253
518 1 _aВоинский устав о пехотной службе
620 _dСанкт-Петербург
712 0 2 _4640
_aРоссия
_bУченый комитет по артиллерийской части
_bТипография
_9711195
_3RU\NLR\AUTH\880524857
740 1 _aРоссия
_tВоенные уставы и наставления
_3RU\NLR\AUTH\889957977
_9412039
801 0 _aRU
_bNLR
_gpsbo
801 1 _aRU
_bProSoft-M
_2rusmarc
801 2 _aRU
_bNLR
_c20150514
_2rusmarc
852 _aNLR
_j18.66.5.63
942 _cBOOK